UM Logo

The story of redemption/ (Record no. 4454)

MARC details
000 -LEADER
fixed length control field 00407nam a2200133 4500
008 - FIXED-LENGTH DATA ELEMENTS--GENERAL INFORMATION
fixed length control field 160910b xxu||||| |||| 00| 0 eng d
082 ## - DEWEY DECIMAL CLASSIFICATION NUMBER
Edition number 2000
Classification number DFil 291.22
Item number W58
100 ## - MAIN ENTRY--PERSONAL NAME
9 (RLIN) 14366
Personal name White, Ellen G.
245 ## - TITLE STATEMENT
Title The story of redemption/
Statement of responsibility, etc. Ellen G. White.
260 ## - PUBLICATION, DISTRIBUTION, ETC. (IMPRINT)
Place of publication, distribution, etc. Philippines:
Name of publisher, distributor, etc. Philippine Publishing House;
Date of publication, distribution, etc. c2000.
300 ## - PHYSICAL DESCRIPTION
Extent 445 pages;
Dimensions 18 cm.
650 #0 - SUBJECT ADDED ENTRY--TOPICAL TERM
9 (RLIN) 14367
Topical term or geographic name as entry element Salvation
942 ## - ADDED ENTRY ELEMENTS (KOHA)
Source of classification or shelving scheme Dewey Decimal Classification
Koha item type Filipiniana
Holdings
Withdrawn status Lost status Source of classification or shelving scheme Damaged status Not for loan Collection code Home library Current library Date acquired Total Checkouts Full call number Barcode Date last seen Price effective from Koha item type
    Dewey Decimal Classification     Filipiniana UM Digos College - LIC UM Digos College - LIC 01/31/2004   DFil 291.22 W58 2000 16515 05/15/2025 09/10/2016 Filipiniana